|
|
|
|
| LEADER |
01035nam a2200277 a 4500 |
| 001 |
000557282 |
| 003 |
CZ BrMZK |
| 005 |
20211025123654.0 |
| 007 |
ta |
| 008 |
000105s1991 xr f cze d |
| 015 |
|
|
|a cnb000067948
|
| 040 |
|
|
|a BOA001
|b cze
|
| 080 |
|
|
|a 519.682Turbo Pascal6.0
|2 MRF
|
| 100 |
1 |
|
|a Novák, Tomáš,
|d 1971-
|7 ntka173581
|4 aut
|
| 245 |
1 |
0 |
|a Turbo Pascal :
|b popis ovládání /
|c Tomáš Novák
|
| 260 |
|
|
|a Praha :
|b Grada,
|c 1991
|
| 300 |
|
|
|a 128 s.
|
| 490 |
1 |
|
|a Nestůjte za dveřmi
|
| 830 |
|
0 |
|a Nestůjte za dveřmi (Grada)
|0 s
|
| 910 |
|
|
|a BOA001
|b 2-0973.266
|b TK-0250.679
|
| 920 |
|
|
|a 000107575
|
| 964 |
|
|
|a Turbo Pascal 6.0 (jazyk programovací) - ovládání - popisy
|
| 990 |
|
|
|a BK
|
| 996 |
7 |
|
|b 2619697275
|c 2-0973.266
|l MZK
|r Sklad / do 1 hodiny
|n 0
|w 000557282
|u 000010
|a 1
|e BOA001
|j MZK50
|s A
|
| 996 |
7 |
|
|b 2629980171
|c TK-0250.679
|l MZK
|r Sklad / do 24 hodin
|n 0
|w 000557282
|u 000030
|a 1
|e BOA001
|j MZK50
|s A
|
| 996 |
7 |
|
|b 2629980207
|c TK-0250.679
|l MZK
|r Sklad / do 24 hodin
|n 0
|w 000557282
|u 000020
|a 1
|e BOA001
|j MZK50
|s A
|